000 00363nam a22001457a 4500
020 _qPB.
040 _cFIZZA ISHAQ
082 _a692.5
_bSTE
100 _aPETERSON, STEVEN.
_990168
245 _aESTIMATING IN BUILDING CONSTRUCTION /
_cSTEVEN PETERSON.
250 _a8th ED.
260 _aNEW DEHLI ;
_bPEARSON,
_c2015.
300 _a350 P. ;
942 _2ddc
_cBK
999 _c588531
_d588531